000 01054cam a2200157 4500500
005 20260322010230.0
041 _afre
042 _adc
100 1 0 _aJoël, Marie-Ève
_eauthor
245 0 0 _aLe financement de la dépendance en Europe
260 _c1992.
500 _a99
520 _aDans cet article, s’appuyant sur un exposé de la pensée chinoise, l’auteur cherche à attirer la réflexion des lecteurs sur la valeur de l’immanence: le vécu de la situation, la disponibilité au moment, soulignant ainsi la non-dualité du « vivre» qui est processus et transition. Il confirme au passage la Gestalt comme possibilité de sortie du dualisme névrotique de l’occident, en particulier en tant qu’elle ne se contente pas de stimuler la fonction Ego du client mais favorise l’acceptation du « Ça de la situation»...
786 0 _nGérontologie et société | 15 /  60 | 1 | 1992-09-01 | p. 41-58 | 0151-0193
856 4 1 _uhttps://shs.cairn.info/revue-gerontologie-et-societe1-1992-1-page-41?lang=fr&redirect-ssocas=7080
999 _c1755011
_d1755011